00365nam a2200133Ia 4500008004100000041000800041082001400049100002200063245003700085250001400122260005200136300003400188365000900222240624s9999 xx 000 0 und d aeng a519.5 WIL aWILLIAMS THOMAS A aCONTEMPORARY BUSINESS STATISTICS a(3rd ed.) c2009aAustraliabSouth-Western Cengage Learning axxviii, : 940 : p. : cm. ; 25 cb30